00839nam a22002537a 450000500170000001000130001702000250003003500130005503700170006804000120008508200170009710000290011424500790014326000440022227000440026630000250031050000190033565000210035465000290037570000100040494200260041499900190044095201260045920170124110012.0 aB-127281 c95.00a9788120325722 aB-127281 bCen Lib/ Ret aDPLbEN a335.437bBAR aBarone,Charles A.917918 aRadical political economy :cby Charles A.Baroneba concise introduction / aNew DelhibPrentice Hall of Indiac2004 aM-7,Connaught CircusbNew Delhie110001 axi,176p. c20cm(pbk) aIncludes index aEconomics917919 aRadical economics917920 917866 2ddccENh335.437mBAR c126590d126590 00104070aLbLd2015-06-25eCen Lib/Retg95.00l0o335.437 BARpB-127281r2015-06-25 00:00:00t1v95.00w2015-06-25yEN